00217 a2200109 4500001000700000020000600007040001100013100002100024240002900045245002400074362000900098168780 a  cMagnum aFoucault, Michel10aHistoria da loucuralpor10aHistoria da loucura0 a1899